Las relaciones humanas en el trabajo: consejos prácticos para crear un entorno laboral agradable

Wedi'i Gadw mewn:
Manylion Llyfryddiaeth
Prif Awdur: Wall, Bob (Awdur)
Fformat: Llyfr
Iaith:Sbaeneg
Cyhoeddwyd: Barcelona Oniro S. A 2000
Rhifyn:1a. ed
Pynciau:
Tagiau: Ychwanegu Tag
Dim Tagiau, Byddwch y cyntaf i dagio'r cofnod hwn!

MARC

LEADER 00000cam a2200000 a 4500
001 UCD6905
003 CL-VaPUC
008 170303e20000000sp |||||||||||||||||spa|d
020 |a 8495456079 
082 0 4 |a 658.3  |b WAL  |2 21 
100 0 |a Wall, Bob  |e author  |9 590782 
245 1 4 |a Las relaciones humanas en el trabajo: consejos prácticos para crear un entorno laboral agradable 
250 |a 1a. ed 
300 |a 190 p 
942 |c BK 
945 |d 20170303 17:35:00  |a dcastane 
260 |a Barcelona  |b Oniro S. A  |c 2000 
650 0 |a Relaciones humanas  |9 307340 
650 0 |a Relaciones laborales   |9 335971 
650 0 |a Ambiente laboral  |9 412268 
583 |a last modification  |c 20170303 17:35:00  |k Rodrigo Vera 
999 |c 367082  |d 367080